Sistema Solar - Statistics

Estatísticas Gerais
  • Esse quiz foi jogado 162 vezes
    151 desde o último reset
  • A pontuação média é 12 de 15
Estatísticas das Respostas
Hint Resposta % Correto
Quantos planetas têm o sistema solar? 8
99%
Qual o planeta conhecido por os seus anéis? Saturno
99%
Qual o planeta conhecido por ser o planeta vermelho? Marte
98%
Qual o planeta mais próximo do Sol? Mercúrio
98%
Qual o menor planeta do sistema solar? Mercúrio
98%
Qual mais longe do Sol? Netuno
96%
Qual o maior planeta anão do sistema solar? Plutão
96%
Qual é o único satélite natural do planeta Terra? Lua
94%
Quantas fases tem a Lua 4
92%
Em que galáxia fica situado o Sol? Via Láctea
88%
Quanto tempo leva o movimento de rotação da Terra a ficar completo? 24 horas
85%
Qual o componente central do sistema solar? Sol
85%
Qual a deusa que deu origem ao nome do planeta Vénus? Afrodite
42%
Por que outro nome é conhecido o planeta Terra? Planeta Azul
41%
Qual o grupo a que pertence a nossa galáxia? Grupo Local
22%
Nenhum quiz correspondente encontrado
Distribuição das Pontuações
Porcentagem de Pessoas com Cada Pontuação
Percentil de Números Respondidos
Sua Pontuação Histórica
Você não jogou esse quiz desde o último reset